000
00265nam a22001097a 4500
040
_c
CL
100
_a
Qaiser Abbas Sabir
_9
127811
245
_a
Rati Gali K Raaj Hans /safar naama
260
_a
Multan
_b
Kitab Nagar Multan
_c
2020
300
_a
133p.
942
_2
ddc
_c
BK
999
_c
612827
_d
612827